000 00669nam a2200229Ia 4500
003 OSt
005 20250724144230.0
008 210423s2012 xx 000 0 und d
020 _a978-81-321-1030-9
040 _cAL
041 _aEnglish
082 _a150
_223
_bBANE
100 _aPhilip Banyard
_995344
245 _aEssential psychology
_b: a concise introduction
260 _aNew Delhi
_bSage Publications
_c2012
300 _axvii,454
_bPB
365 _b795
_cINR
650 _aPsychology
_995345
700 _aDavies, Mark N O
_dNorman, Christine
_eWinder, Belinda
_9219942
906 _aconcise ; Essential ; introduction ; psychology:
942 _2ddc
_cBK
999 _c170496
_d170496